000 01171nam0a22002531 4500
001 rc\841521
005 20260407100848.0
035 _a(NLR Aleph) 006022834
090 _a7446045
_c7446045
100 _a20041129d1983 |||y0rusy50 ca
101 0 _arus
102 _aRU
105 _ay |||||||||
200 1 _aМетодические рекомендации по клинике и лечению вирусного гепатита у лиц, страдающих сахарным диабетом
_fТашк. гос. мед. ин-т и др.
_g[Разраб. Х.А. Абдукадыровым и др.]
210 _aТашкент
_cТашМИ
_d1983
215 _a19 с.
_d20
300 _aВ надзаг. также: НИИ микробиологии, эпидемиологии и инфекц. болезней УзССР, Джизак. обл. отд. здравоохранения
702 1 _aАбдукадыров
_bХ.А.
_4570
712 0 2 _aТашкентский медицинский институт
_3RU\NLR\AUTH\889927685
_9351005
801 0 _aRU
_bNLR
_gpsbo
801 1 _aRU
_bELAR
_2rusmarc
852 _aNLR
_j84-4/11401
942 _cBOOK
980 _aNB